Chiefs All time Lineup - Statistics

General Stats
  • This quiz has been taken 6 times
  • The average score is 17 of 38
Answer Stats
Hint Answer % Correct
QB Patrick Mahomes
100%
RB2 Jamaal Charles
83%
TE Tony Gonzalez
83%
SWR Tyreek Hill
83%
HC Andy Reid
67%
LOLB Bobby Bell
67%
NT Chris Jones
67%
MLB Derrick Johnson
67%
ROLB Derrick Thomas
67%
CB Emmitt Thomas
67%
QB2 Len Dawson
67%
RB Priest Holmes
67%
TE2 Travis Kelce
67%
DT Buch Buchanan
50%
FB Christian Okoye
50%
FS Deron Cherry
50%
K Jan Stenerud
50%
P Jerrel Wilson
50%
EDGE Neil Smith
50%
CB2 Albert Lewis
33%
LG Brian Waters
33%
LT Jim Tyrer
33%
RT John Alt
33%
NB Johnny Robinson
33%
WR Otis Taylor
33%
MLB Willie Lanier
33%
RG Will Shields
33%
C Creed Humphry
17%
KR Dante Hall
17%
PR Dante Hall
17%
WR3 Dwayne Bowe
17%
SS Eric Berry
17%
LS James Winchester
17%
EDGE Jerry Mays
17%
SLB Justin Houston
17%
WR2 Stephone Paige
17%
DC Steve Spagnuolo
17%
OC Al Saunders
0%
No matching quizzes found
Score Distribution
Percent of People with Each Score
Percentile by Number Answered
Your Score History
You have not taken this quiz